Music Quiz

Random Music or Quick Pick Quiz
Score 0/25 Timer 02:00
15 Plays Today
% Correct
Wonderful
96%
Grapevine
95.4%
Vibrations
94.9%
Submarine
94.5%
Francisco
93.5%
Suspicious
93.3%
California
93.2%
Everybody
93.2%
Boardwalk
92.1%
Buttercup
91.7%
Unchained
91.7%
Tambourine
91.6%
Summertime
89.2%
% Correct
Strangers
88.6%
Tenderness
87.9%
Watchtower
86.7%
Respected
85.6%
Generation
84.2%
Runaround
83.8%
Breakdown
82%
Fortunate
79.5%
Loco-Motion
77.7%
Cantaloupe
58.8%
Friendship
58.1%
Fingertips
51.5%
Remove Ads.
Support Sporcle.
Get the best of Sporcle when you Go Orange. This ad-free experience offers more features, more stats, and more fun while also helping to support Sporcle. Thank you for becoming a member.

You're not logged in!

Compare scores with friends on all Sporcle quizzes.
OR
Log In

Sporcle TV

Today on Sporcle TV


Watch our educational content, quiz creation guides, and fun videos on Sporcle TV.

Show Comments

Extras

Top Quizzes Today


Score Distribution

Paid Content

Your Account Isn't Verified!

In order to create a playlist on Sporcle, you need to verify the email address you used during registration. Go to your Sporcle Settings to finish the process.

Report this User

Report this user for behavior that violates our Community Guidelines.

Details: